000 00840nam a2200277 a 4500
999 _c8838
_d8838
001 8838
003 BD-JhCC
005 20180529143546.0
008 180304s1957 nyua 001 0 eng d
035 _a(BD-JhCC)8838
040 _aBD-JhCC
_cDLC
_dBD-JhCC
041 _aeng
050 0 0 _aQC355
_b.J4 1957
082 0 0 _a535
_bJEN 1957
100 1 _aJenkins, Francis A.
_q(Francis Arthur),
_d1899-1960.
245 0 0 _aFundamentals of optics /
_c[by] Francis A. Jenkins [and] Harvey E. White.
250 _a3d ed.
260 _aNew York,
_bMcGraw-Hill,
_c1957.
300 _a746 p.
_billus.
_c24 cm.
500 _aFirst ed. published in 1937 under title: Fundamentals of physical optics.
504 _aIncludes Index
650 0 _aOptics.
700 1 _aWhite, Harvey Elliott,
_d1902-
942 _2ddc
_cBK